000 00225 a2200097 4500
001 13988
100 _aKeats J
245 _aThe poetical works of John keats
260 _aLondon
_bOxford univ press
_c
090 _c10950
_d10950
942 _aNUST-CAE
_cM
_c1059
999 _c249061
_d249061